000 00660nam a2200277Ia 4500
005 20260324125245.0
008 008 260324s9999 xx 000 0 eng d
020 _a9780203864982
037 _aEBOOK
040 _aCRL
040 _beng
040 _cCRL
041 _2eng
041 _aeng
084 _qCRL
100 _aDerek Kassem; Elizabeth Taylor
_91177292
245 0 _aKey Issues in Childhood and Youth Studies
260 _bTaylor and Francis
260 _c2009
365 _a
365 _b255
856 _uhttp://www.taylorfrancis.com/books/9780203864982
942 _cEBOOK
999 _c1772381
_d1772381